Paroles Mais pourquoi m'en faire - Oliver et Compagnie - Statistiques

Statistiques générales
  • Ce quiz a été pris 6 fois
  • Le résultat moyen est 113 sur 183
Statistiques - réponses
Paroles % Correct
à
100%
Roublard Je
100%
je
100%
la
100%
La
100%
le
100%
Le
100%
me
100%
Pour
100%
pour
100%
rue.
100%
rue
100%
Avenue.
80%
balade
80%
ce
80%
Central
80%
de
80%
depuis
80%
faire ?
80%
faire,
80%
faire
80%
j'ai
80%
J'ai
80%
Mais
80%
m'en
80%
Park,
80%
pourquoi
80%
Saint
80%
appris
60%
Chante :
60%
Chante
60%
dans
60%
danser.
60%
danser,
60%
Des
60%
des
60%
descends
60%
dis
60%
du
60%
Et
60%
et
60%
génération,
60%
génération
60%
les
60%
moi ?
60%
pas
60%
pauvres
60%
Quand
60%
quartier.
60%
quartiers
60%
que
60%
rythme
60%
suis
60%
tu
60%
un
60%
C'est
40%
Cinqième
40%
cotés
40%
deux
40%
difficile
40%
en
40%
est
40%
fais
40%
il
40%
Roublard Il
40%
j'connais
40%
j'connais,
40%
J'fais
40%
l'as
40%
l'on
40%
marcher
40%
Mark,
40%
massif
40%
n'est
40%
New-yorkais
40%
O.K.
40%
or
40%
pavé,
40%
pavé
40%
pieds,
40%
portier
40%
reluire
40%
rhytme
40%
rire
40%
Ritz.
40%
savoir
40%
t'adore,
40%
t'es
40%
ton
40%
ville,
40%
vrai
40%
whoo,
40%
whoo
40%
Whoo,
40%
whoo.
40%
Car
20%
faut
20%
improviser
20%
J'aime
20%
J'peux
20%
rock
20%
savoir-faire.
20%
tricher,
20%
l'roi
0%
On
0%
Aucun quiz correspondant
Distribution des résultats
% des personnes avec chaque résultat
Percentile par nombre de réponses
Votre historique - résultats
Vous n’avez pas pris ce quiz